|
|
|
|
| LEADER |
01458nam a2200385 a 4500 |
| 001 |
36199 |
| 003 |
BD-DhAAL |
| 005 |
20211130114222.0 |
| 008 |
190924r2001 enka 001 0 eng d |
| 999 |
|
|
|c 41409
|d 41409
|
| 010 |
|
|
|a 2001274226
|
| 015 |
|
|
|a GBA0-W3701
|
| 020 |
|
|
|a 0761969322
|
| 020 |
|
|
|a 0761969330 (pbk.)
|
| 020 |
|
|
|a 9780761969334
|
| 035 |
|
|
|a (OCoLC)ocm44915058
|
| 040 |
|
|
|a UKM
|c UKM
|d DLC
|d BD-DhAAL
|
| 042 |
|
|
|a lccopycat
|
| 050 |
0 |
0 |
|a LB1060
|b .U52 2001
|
| 082 |
0 |
0 |
|a 370.1523
|2 21
|
| 245 |
0 |
0 |
|a Understanding learning :
|b influences and outcomes /
|c edited by Janet Collins and Deirdre Cook.
|
| 260 |
|
|
|a London :
|b Paul Chapman Pub. in association with the Open University,
|c 2001 [reprinted]
|
| 300 |
|
|
|a viii, 208 pages :
|b illustrations ;
|c 23 cm.
|
| 490 |
|
|
|a Developing practice in primary education
|
| 526 |
|
|
|a BIED
|
| 541 |
|
|
|a Complimentary copy from BIED
|e 36199
|
| 650 |
|
0 |
|a Learning.
|9 35266
|
| 650 |
|
0 |
|a Education, Elementary.
|9 35267
|
| 650 |
|
0 |
|a Learning, Psychology of.
|9 35268
|
| 700 |
1 |
|
|a Collins, Janet.
|9 35269
|
| 700 |
1 |
|
|a Cook, Deirdre,
|d 1943-
|9 35270
|
| 710 |
2 |
|
|a Open University.
|9 35271
|
| 852 |
|
|
|a Ayesha Abed Library
|c BIED Collection
|
| 942 |
|
|
|2 ddc
|c BK
|
| 952 |
|
|
|0 0
|1 0
|2 ddc
|4 0
|6 370_152300000000000_UND
|7 0
|9 66508
|a BRACUL
|b BRACUL
|c GEN
|d 2019-09-24
|e Complimentary copy from BIED
|l 1
|o 370.1523 UND
|p 3010036199
|r 2025-07-20
|s 2025-07-17
|t 1
|w 2019-09-24
|y BK
|x Transferred from BIED to General Stacks
|